Fan-Voted Top 100 NHL Skaters 2022 - Statistics

General Stats
  • This quiz has been taken 183 times
  • The average score is 73 of 100
Answer Stats
# Pos. Team Player % Correct
1 C Oilers Connor McDavid
100%
3 C Maple Leafs Auston Matthews
99%
4 C Avalanche Nathan MacKinnon
97%
15 LW Capitals Alexander Ovechkin
96%
2 D Avalanche Cale Makar
96%
7 C Oilers Leon Draisaitl
96%
6 RW Lightning Nikita Kucherov
96%
13 C Penguins Sidney Crosby
96%
11 RW Maple Leafs Mitch Marner
95%
14 LW Rangers Artemi Panarin
93%
5 D Lightning Victor Hedman
93%
16 LW Bruins Brad Marchand
91%
65 LW Senators Brady Tkachuk
91%
22 LW Panthers Matthew Tkachuk
91%
9 D Rangers Adam Fox
90%
8 D Predators Roman Josi
90%
26 RW Lightning Steven Stamkos
90%
41 C Devils Jack Hughes
89%
12 LW Blue Jackets Johnny Gaudreau
89%
24 RW Blackhawks Patrick Kane
89%
36 D Canucks Quinn Hughes
89%
21 C Panthers Aleksander Barkov
87%
28 C Lightning Brayden Point
87%
19 LW Flames Jonathan Huberdeau
87%
17 RW Avalanche Mikko Rantanen
87%
39 C Hurricanes Sebastian Aho
87%
18 RW Bruins David Pastrňák
86%
10 LW Wild Kirill Kaprizov
86%
20 D Bruins Charlie McAvoy
84%
38 D Avalanche Devon Toews
84%
53 C Canucks Elias Pettersson
84%
30 C Bruins Patrice Bergeron
84%
51 C Kings Anže Kopitar
83%
58 C Penguins Evgeni Malkin
83%
42 C Rangers Mika Zibanejad
82%
44 LW Avalanche Gabriel Landeskog
81%
27 RW Golden Knights Mark Stone
81%
23 D Stars Miro Heiskanen
80%
25 D Panthers Aaron Ekblad
79%
31 LW Predators Filip Forsberg
79%
50 D Penguins Kris Letang
79%
55 C Islanders Mathew Barzal
79%
32 LW Jets Kyle Connor
78%
34 D Red Wings Moritz Seider
77%
37 LW Penguins Jake Guentzel
76%
35 LW Stars Jason Robertson
76%
84 C Maple Leafs John Tavares
76%
62 C Jets Mark Scheifele
76%
70 C Red Wings Dylan Larkin
75%
40 C Golden Knights Jack Eichel
75%
46 D Blue Jackets Zach Werenski
75%
60 D Capitals John Carlson
74%
43 LW Canucks J.T. Miller
74%
57 D Sabres Rasmus Dahlin
74%
47 D Devils Dougie Hamilton
73%
61 LW Blue Jackets Patrik Laine
73%
63 RW Maple Leafs William Nylander
73%
95 C Senators Claude Giroux
72%
33 D Hurricanes Jaccob Slavin
71%
48 D Golden Knights Alex Pietrangelo
70%
59 D Maple Leafs Morgan Rielly
70%
66 C Blues Ryan O'Reilly
70%
81 D Kings Drew Doughty
69%
100 C Canadiens Nick Suzuki
69%
54 LW Hurricanes Andrei Svechnikov
68%
89 C Flames Nazem Kadri
68%
86 D Oilers Darnell Nurse
67%
69 RW Blues Vladimir Tarasenko
67%
75 D Golden Knights Shea Theodore
66%
45 D Senators Thomas Chabot
66%
77 RW Coyotes Clayton Keller
64%
52 LW Sharks Timo Meier
64%
97 LW Senators Tim Stützle
64%
71 C Sharks Tomáš Hertl
64%
91 C Ducks Trevor Zegras
64%
68 LW Rangers Chris Kreider
63%
49 C Flames Elias Lindholm
63%
56 RW Blues Jordan Kyrou
61%
78 C Blues Robert Thomas
60%
29 LW Senators Alex DeBrincat
59%
88 D Lightning Mikhail Sergachev
59%
64 RW Kings Kevin Fiala
58%
96 C Canucks Bo Horvat
57%
94 C Devils Nico Hischier
56%
92 C Capitals Evgeny Kuznetsov
55%
72 RW Jets Nikolaj Ehlers
54%
74 D Coyotes Jakob Chychrun
53%
82 D Wild Jared Spurgeon
53%
73 RW Devils Jesper Bratt
52%
85 RW Stars Joe Pavelski
51%
76 D Islanders Adam Pelech
50%
79 C Flyers Sean Couturier
49%
98 RW Senators Drake Batherson
47%
67 D Flames MacKenzie Weegar
47%
93 D Islanders Ryan Pulock
43%
99 C Senators Josh Norris
42%
87 RW Wild Mats Zuccarello
40%
80 LW Hurricanes Max Pacioretty
31%
90 RW Blues Pavel Buchnevich
30%
83 LW Avalanche Valeri Nichushkin
27%
No matching quizzes found
Score Distribution
Percent of People with Each Score
Percentile by Number Answered
Your Score History
You have not taken this quiz